00801nam a22002057a 450000500170000000800410001702000180005802000180007604000970009404100080019124500870019926000820028630000370036849000210040550400530042665000290047965000280050865000230053670000360055920140903174931.0131211s2010 enka frf 001 0 eng c a9780195375886 a9780199929474 aCO-BoUCMcAngélica RojasdAldemar Mondragónd[Nuevo]d[Nuevo]d[Nuevo]d[Nuevo]d[Nuevo]00aeng04aThe Oxford Handbook of National Security Intelligenceceditado por Loch K. Johnson aOxford (Inglaterra)aNew York (Estados Unidos)bOxford University Pressc2010 axv, 886 páginasbilustraciones0 aOxford Handbooks aIncluye referencias bibliográficas e índices 4aServicio de inteligencia 7aSeguridad internacional 7aSeguridad nacional1 aJohnson, Loch K.d1942-eeditor